000 00514nam a22001817a 4500
003 CEME
005 20210628201719.0
008 210215b xxu||||| |||| 00| 0 eng d
020 _a0-89006-990-5
040 _c.
082 _a621.382 LEE
100 _aLee, Jhong.Sam Miller, Leonard.E
_956492
245 _aCdma systems engineering handbook
260 _aBOSTON
_bARTECH HOUSE
_c1998
300 _aXXII,1228P
650 _aCODE DIVISION MULTIPLE ACCESS MOBILE COMMUNICATION SYSTEMS
_956493
942 _cBK
_2ddc
999 _c566887
_d566887